000 00456nam a22001457a 4500
999 _c30949
_d30949
008 210209b ||||| |||| 00| 0 eng d
020 _a9780128173688
050 _aHV 553 .C67 2021
100 _aCoppola,Damon P.
245 _aIntroduction to international disaster management/
250 _a4th ed
260 _aBoston:
_bElsevier,
_cc2021.
300 _axxiii,872p.:
_bill.(chiefly col);
_c24cm
942 _2lcc
_cBOOKS
_hHV 553 .C67 2021